| 000 | 00493nam a2200205Ia 4500 | ||
|---|---|---|---|
| 003 | OSt | ||
| 005 | 20231123150853.0 | ||
| 008 | 210210b1901 xxu||||| |||| 00| 0 eng d | ||
| 040 | _cAL | ||
| 041 | _aeng | ||
| 082 | _a512/69 | ||
| 100 |
_aTODHUNTER (I) _9143165 |
||
| 245 | _aPlane trigonometry | ||
| 260 |
_aNew York _bMacmillan & Co. Ltd. _c1901 |
||
| 650 |
_atrigonometry _9143166 |
||
| 650 |
_aPlane _9143167 |
||
| 690 |
_aTrigonometry _9143168 |
||
| 906 | _a007272 | ||
| 942 |
_2ddc _cBK |
||
| 999 |
_c139682 _d139682 |
||